书目信息 |
| 题名: |
世界地理大发现
|
|
| 作者: | 姜守明 主编 | |
| 分册: | ||
| 出版信息: | 济南 山东画报出版社 2004.01 |
|
| 页数: | 353页 | |
| 开本: | 23cm | |
| 丛书名: | ||
| 单 册: | ||
| 中图分类: | K916-49 | |
| 科图分类: | ||
| 主题词: | 新航路发现--xin hang lu fa xian--世界--普及读物 | |
| 电子资源: | ||
| ISBN: | 7-80603-787-X | |
| 000 | 00817nam0 2200229 45 | |
| 001 | 012007419982 | |
| 005 | 20071107200818.39 | |
| 010 | @a7-80603-787-X@dCNY36.00 | |
| 100 | @a20071107d2004 km y0chiy0120 ea | |
| 101 | 0 | @achi |
| 102 | @aCN@b370000 | |
| 105 | @aa z 000yy | |
| 106 | @ar | |
| 200 | 1 | @a世界地理大发现@Ashi jie di li da fa xian@f姜守明主编@Fjiang shou ming zhu bian |
| 210 | @a济南@c山东画报出版社@d2004.01 | |
| 215 | @a353页@c图@d23cm | |
| 330 | @a本书选取了外国近五十次在人类历史上有重大影响的地理探险与发现,详细介绍和再现了这些地理探索活动的背景、起因、过程和结局,阐述了他们的历史意义和启示。 | |
| 606 | 0 | @a新航路发现@Axin hang lu fa xian@y世界@j普及读物 |
| 690 | @aK916-49@v4 | |
| 701 | 0 | @a姜守明@Ajiang shou ming@4主编 |
| 801 | 0 | @aCN@b@c20071107 |
| 905 | @b266051-53@dK916-49@eJ524@f3 | |
| 世界地理大发现/姜守明主编.-济南:山东画报出版社,2004.01 |
| 353页:图;23cm |
| ISBN 7-80603-787-X:CNY36.00 |
| 本书选取了外国近五十次在人类历史上有重大影响的地理探险与发现,详细介绍和再现了这些地理探索活动的背景、起因、过程和结局,阐述了他们的历史意义和启示。 |
| ● |
| 相关链接 |
|
|
|
正题名:世界地理大发现
索取号:K916-49/J524
 
预约/预借
| 序号 | 登录号 | 条形码 | 馆藏地/架位号 | 状态 | 备注 |
| 1 | 266051 | 202660511 | 社科库309/309社科库 12排3列2层/ [索取号:K916-49/J524] | 在馆 | |
| 2 | 266052 | 202660520 | 社科库309/309社科库 12排3列2层/ [索取号:K916-49/J524] | 在馆 | |
| 3 | 266053 | 202660539 | 社科库309/309社科库 12排3列2层/ [索取号:K916-49/J524] | 在馆 |